000 00904cam a22002777a 4500
003 CHAP
005 20220329135036.0
008 971013s1964 r 00010 d
010 _a30015
011 _a30987
035 _a35099
040 _cCHAP
082 _a339.38
_bN32n
110 0 0 _aOrganización de las Naciones Unidas.
_983534
245 1 4 _aLas Naciones unidas sobre cuentas nacionales para América Latina
260 _aWashington :
_bInstituto de Desarrollo Económico,
_c1964
300 _a608 p.
590 _aBATCH-UPD
_b10
_c20130110
_lUCH01
_h2117
590 _aBATCH-UPD
_b10
_c20130410
_lUCH01
_h1427
590 _aBATCH-UPD
_b10
_c20130914
_lUCH01
_h1642
590 _aCONVERSION
_b10
_c20130109
_lUCH01
_h1317
650 1 4 _aIngresos
_xContabilidad
_xAmérica Latina.
_958370
901 _aBK
942 _cLIBRO
949 _a339.38 N32n
_bBC
_cLIBRO
_d33724000380127
_eLIBRO
_h6832
_i35099
_si
999 _c30015
_d30015